书目信息 |
| 题名: |
玉海
|
|
| 作者: | 王应麟 辑 | |
| 分册: | 一 | |
| 出版信息: | 江苏 广陵古籍刻印社 1985 |
|
| 页数: | 全一册 | |
| 开本: | 18*13cm | |
| 丛书名: | ||
| 单 册: | ||
| 中图分类: | Z222 | |
| 科图分类: | ||
| 主题词: | 百科全书--中国 | |
| 电子资源: | ||
| ISBN: | ||
| 000 | 00888nam0 2200241 450 | |
| 001 | 0654567765 | |
| 005 | 20061020152237.98 | |
| 010 | @b线装@dCNY541.00(全套) | |
| 100 | @a20061020d1985 km y0chiy0120 ea | |
| 101 | 0 | @achi |
| 200 | 1 | @a玉海@h一@Ayu hai@f(宋)王应麟辑@F(song)wang ying lin ji |
| 205 | @a影印本 | |
| 210 | @a江苏@c广陵古籍刻印社@d1985 | |
| 215 | @a全一册@d18*13cm | |
| 300 | @a附词学指南四卷,后附(清)张大昌辑王应麟年谱一册 | |
| 300 | @a第一册至第九册为一函,共15函140册二百卷 | |
| 300 | @a坿刻十三种:诗攷 诗地理攷 汉艺文志攷 通鉴地理通释 践阼篇集解 急就篇补注 王会篇补注 汉制攷 小学绀珠 姓氏急就篇 六经天文编 周易关康成注 通鉴荅问 | |
| 305 | @a本书由清光绪九年(1883)浙江书局重锓,江苏广陵古籍刻印社1985年11月影印,线装 | |
| 606 | 0 | @a百科全书@x中国 |
| 690 | @aZ222@v3 | |
| 701 | 0 | @a王应麟@Awang ying lin@4辑 |
| 801 | 0 | @aCN@bPFT@c20061020 |
| 905 | @a10447@dZ222@e1:1 | |
| 玉海.一/(宋)王应麟辑.-影印本.-江苏:广陵古籍刻印社,1985 |
| 全一册;18*13cm |
| 附词学指南四卷,后附(清)张大昌辑王应麟年谱一册.-第一册至第九册为一函,共15函140册二百卷.-坿刻十三种:诗攷 诗地理攷 汉艺文志攷 通鉴地理通释 践阼篇集解 急就篇补注 王会篇补注 汉制攷 小学绀珠 姓氏急就篇 六经天文编 周易关康成注 通鉴荅问 |
| ISBN (线装):CNY541.00(全套) |
| ● |
| 相关链接 |
|
|
|
|
正题名:玉海
索取号:Z222/1:1
 
预约/预借
| 序号 | 登录号 | 条形码 | 馆藏地/架位号 | 状态 | 备注 |
| 1 | 0221865 | 202415298 | 古籍典藏专区/ [索取号:Z222/1:1] | 在馆 |